Gemmes de Steven Universe - Images (facile) - Statistiques

Statistiques générales
  • Ce quiz a été pris 54 fois
  • Le résultat moyen est 11 sur 15
Statistiques - réponses
Par images Réponse % Correct
Ruby
91%
Amethyst
89%
Pearl
86%
Peridot
86%
Rose Quartz
86%
Sapphire
83%
Yellow Diamond
77%
Bismuth
74%
Blue Diamond
74%
Jasper
74%
Lapis Lazuli
74%
Pink Diamond
74%
White Diamond
74%
Spinel
69%
Nephrite
26%
Aucun quiz correspondant
Distribution des résultats
% des personnes avec chaque résultat
Percentile par nombre de réponses
Votre historique - résultats
Vous n’avez pas pris ce quiz